000 00555nam a2200193Ia 4500
005 20250508162240.0
008 008 250505s9999 xx 000 0 eng d
037 _aTextual
040 _aFEDL
_beng
_cFEDL
041 _aeng
_2eng
084 _a152.8, PUH
_qFEDL
100 _aPuhan B. N.
_9399668
245 0 _aIssues in psychological measurement
260 _aAgra, India
_bNational Psychological Corporation
_c1982
300 _avi,173p.
650 _aPsychometry
_9441581
942 _cTEXL
_h152.8, PUH
999 _c1375365
_d1375365